| Tag |
First Indicator |
Second Indicator |
Subfields |
| LEADER |
00000cam a2200000Ki 4500 |
| 001 |
in00003554213 |
| 006 |
m o d |
| 007 |
cr cnu---unuuu |
| 008 |
140711s2002 ne a ob 001 0 eng d |
| 005 |
20260421173743.1 |
| 020 |
|
|
|a 9781461302315 (electronic bk.)
|
| 020 |
|
|
|a 1461302315 (electronic bk.)
|
| 020 |
|
|
|z 1402009534
|
| 020 |
|
|
|z 9781402009532
|
| 024 |
7 |
|
|a 10.1007/978-1-4613-0231-5
|2 doi
|
| 035 |
|
|
|a (OCoLC)883391849
|
| 040 |
|
|
|a GW5XE
|b eng
|e rda
|e pn
|c GW5XE
|d UtOrBLW
|
| 049 |
|
|
|a TXAM
|
| 050 |
|
4 |
|a TA1630
|b .C47 2002eb
|
| 072 |
|
7 |
|a QA
|2 lcco
|
| 082 |
0 |
4 |
|a 006.3
|2 22
|
| 084 |
|
|
|a 31.12
|2 bcl
|
| 084 |
|
|
|a 54.74
|2 bcl
|
| 245 |
0 |
0 |
|a Pattern recognition and string matching /
|c edited by Dechang Chen and Xiuzhen Cheng.
|
| 264 |
|
1 |
|a Dordrecht ;
|a Boston :
|b Kluwer Academic Publishers,
|c 2002.
|
| 300 |
|
|
|a 1 online resource (viii, 763 pages) :
|b illustrations.
|
| 336 |
|
|
|a text
|b txt
|2 rdacontent
|
| 337 |
|
|
|a computer
|b c
|2 rdamedia
|
| 338 |
|
|
|a online resource
|b cr
|2 rdacarrier
|
| 490 |
1 |
|
|a Combinatorial optimization ;
|v volume 13
|
| 504 |
|
|
|a Includes bibliographical references.
|
| 505 |
0 |
|
|a Correcting the training data -- Context free grammars and semantic networks for flexible assembly recognition -- Stochastic recognition of occluded objects -- Approximate string matching for angular string elements with applications to on-line and off-line handwriting recognition -- Uniform, fast convergence of arbitrarily tight upper and lower bounds on the Bayes error -- Building RBF networks for time series classification by boosting -- Similarity measures and clustering of string patterns -- Pattern recognition for intrusion detection in computer networks -- Model-based pattern recognition -- Structural pattern recognition in graphs -- Deriving pseudo-probabilities of correctness given scores (DPPS) -- Weighed mean and generalized median of strings -- A region-based algorithm for classifier-independent feature selection -- Inference of K-piecewise testable tree languages -- Mining partially periodic patterns with unknown periods from event stream -- Combination of classifiers for supervised learning: A survey -- Image segmentation and pattern recognition: A novel concept, the histogram of connected elements -- Prototype extraction for k-NN classifiers using median strings -- Cyclic string matching: Efficient extract and approximate algorithms -- Homogeneity, autocorrelation and anisotropy in patterns -- Robust structural indexing through quasi-invariant shape signatures and feature generation -- Energy minimisation methods for static and dynamic curve matching -- Recent feature selection methods in statistical pattern recognition -- Fast image segmentation under noise -- Set analysis of coincident errors and its applications for combining classifiers -- Enhanced neighbourhood specifications for pattern classification -- Algorithmic synthesis in neural network training for pattern recognition -- Binary strings and multi-class learning problems.
|
| 520 |
|
|
|a This volume is the most comprehensive one in its field. It is a collection of 28 state-of-the-art articles contributed by experts of pattern recognition, string matching, or both. It contains fundamental concepts and notations, as well as reports on current research with respect to both methodology and applications. In particular, it includes string matching related techniques for structural pattern recognition. It also explores many applications of pattern recognition strategies to image segmentation, intrusion detection, handwriting recognition and others. This book is a good reference tool for scientists who depend on problems in pattern recognition and string matching. Target readers include researchers in computer science, statistics, mathematics, and electrical Engineering, as well as students. It is suitable for both specialists and uninformed readers.
|
| 588 |
|
|
|a Description based on print version record.
|
| 650 |
|
0 |
|a Image processing
|x Digital techniques.
|
| 650 |
|
0 |
|a Pattern recognition systems.
|
| 650 |
1 |
7 |
|a Patroonherkenning.
|2 gtt
|
| 650 |
1 |
7 |
|a String matching.
|2 gtt
|
| 650 |
1 |
7 |
|a Combinatieleer.
|2 gtt
|
| 650 |
|
7 |
|a Image processing
|x Digital techniques.
|2 fast
|0 (OCoLC)fst00967508
|
| 650 |
|
7 |
|a Pattern recognition systems.
|2 fast
|0 (OCoLC)fst01055266
|
| 655 |
|
7 |
|a Electronic books.
|2 local
|
| 700 |
1 |
|
|a Chen, Dechang.
|
| 700 |
1 |
|
|a Cheng, Xiuzhen.
|
| 710 |
2 |
|
|a SpringerLink (Online service)
|
| 776 |
1 |
8 |
|i Print version:
|t Pattern recognition and string matching
|z 1402009534
|w (DLC) 2002040776
|w (OCoLC)50773390
|
| 830 |
|
0 |
|a Combinatorial optimization ;
|v v. 13.
|
| 856 |
4 |
0 |
|u http://proxy.library.tamu.edu/login?url=https://link.springer.com/10.1007/978-1-4613-0231-5
|z Connect to the full text of this electronic book
|t 0
|
| 994 |
|
|
|a 92
|b TXA
|
| 999 |
|
|
|a MARS
|
| 999 |
f |
f |
|s 8c63fe89-7db1-3d49-8007-63384b6ce69d
|i 881279a5-0166-33bd-995c-01bf7a09ff24
|t 0
|
| 952 |
f |
f |
|a Texas A&M University
|b College Station
|c Electronic Resources
|s www_evans
|d Available Online
|t 0
|e TA1630 .C47 2002eb
|h Library of Congress classification
|
| 998 |
f |
f |
|a TA1630 .C47 2002eb
|t 0
|l Available Online
|